000 00424nam a2200157Ia 4500
008 121005t2007 xxu||||| |||| 00| 0 sin d
041 _asin
080 _aX 8 S 3 (Youth)
_bGUN
245 _aයාපනයේ සිට කතරගමට
246 _aYapanaye Sita Katharagamata
260 _aGodage
_aColombo
_c2007
300 _b104p, 21 cm
942 _cBK
999 _c41799
_d41799
003 LK-CoDNM
040 _aLK-CoDNM
_dLK-CoDNM
_eLK-CoDNM